Music Quiz

Random Music or The Beatles Quiz

Ultimate Beatles Quiz Reloaded Stats

 Plays Quiz not verified by Sporcle

Support Sporcle.
Go Orange.
Score 0/25 Timer 10:00
0 Plays Today
Time Song % Correct
0:46With a Little Help from My Friends
91.4%
0:42We Can Work It Out
90.1%
0:06Magical Mystery Tour
85.8%
0:34From Me to You
85%
1:25Maxwell's Silver Hammer
82.8%
0:38The Fool on the Hill
77.3%
1:44Paperback Writer
77.3%
1:54You Won't See Me
76.8%
1:20I'm Only Sleeping
76.4%
0:00It Won't Be Long
72.5%
0:57Yer Blues
69.1%
0:11Two of Us
67%
0:30Dear Prudence
67%
Time Song % Correct
1:28Mother Nature's Son
63.5%
2:41Nowhere Man
63.5%
2:47Oh! Darling
63.1%
1:09Flying
61.8%
2:23I Me Mine
60.1%
2:27I Need You
59.2%
0:21All I've Got to Do
57.9%
2:17Everybody's Got Something to Hide Except Me and My Monkey
54.5%
2:11Don't Bother Me
53.2%
2:32Love You To
52.8%
1:48Thank You Girl
45.1%
2:02Blue Jay Way
40.8%

You're not logged in!

Compare scores with friends on all Sporcle quizzes.
OR
Log In

From the Vault

'B' Blitz

by Flick

To Blitz or not to Blitz, that is the question.
Remove Ads.
Support Sporcle.
Get the best of Sporcle when you Go Orange. This ad-free experience offers more features, more stats, and more fun while also helping to support Sporcle. Thank you for becoming a member.

Show Comments

Extras

Top Quizzes Today


Score Distribution

Your Account Isn't Verified!

In order to create a playlist on Sporcle, you need to verify the email address you used during registration. Go to your Sporcle Settings to finish the process.

Report this User

Report this user for behavior that violates our Community Guidelines.

Details: